Normal view
MARC view
Entry Topical Term
001 - CONTROL NUMBER
- control field: 55346
003 - CONTROL NUMBER IDENTIFIER
- control field: OSt
005 - DATE AND TIME OF LATEST TRANSACTION
- control field: 20160505155053.0
008 - FIXED-LENGTH DATA ELEMENTS
- fixed length control field: 160505|| aca||aabn | a|a d
040 ## - CATALOGING SOURCE
- Original cataloging agency: OSt
- Transcribing agency: OSt
150 ## - HEADING--TOPICAL TERM
- Topical term or geographic name entry element: Literature
670 ## - SOURCE DATA FOUND
- Source citation: Work cat.: (OSt)11383: सिंह, ओमप्रकाश 53451, आचार्य रामचन्द्र शुक्ल ग्रन्थावली - 5 , 2007









